000 00801nam a2200229 a 4500
001 40571
003 BD-RjUL
005 20211209053237.0
008 160504m19771970bg ||||| |||| 00| 0 ben d
020 _c: Tk.3.00
035 _a(BD-RjUL)40686
040 _aBD-RjUL
_bben
_cBD-RjUL
041 _aben
082 _223
_a297.273
_bZAI 1977
100 _aজামান, হাসান
_9123999
245 1 0 _aইসলামী অর্থনীতি /
_cহাসান জামান
260 _aঢাকা :
_bইসলামিক ফাউন্ডেশন,
_c১৯৭০
_c[মুদ্রণ ১৯৭৭]
300 _a৬৩ পৃ. ;
_c২২ সেমি.
650 _aইসলামী অর্থনীতি
_9124861
650 _aIslamic Economics
_9124862
942 _2ddc
_cBK
999 _c40571
_d40571